| 000 | 01438nam a22001937a 4500 | ||
|---|---|---|---|
| 999 |
_c56865 _d56865 |
||
| 003 | Ge_BSU | ||
| 005 | 20190523155549.0 | ||
| 008 | 190523b2017 ge ||||| |||| 00| 0 geo d | ||
| 041 | _ageo | ||
| 080 | _a338.48 (479.22) (063) ტ-92 | ||
| 245 | _aტურიზმი : ეკონომიკა და ბიზნესი : VI საერთაშორისო სამეცნიერო-პრაქტიკული კონფერენცია, ბათუმი, 10-11 ივნისი, 2017 : პროგრამა / | ||
| 264 |
_aბათუმი, თბილისი : _b უნივერსალი, _c2017. |
||
| 300 |
_a28 გვ. : _c20 სმ. |
||
| 546 | _aთავფურცლის მე-2 გვერდი ინგლ. ენაზე. ყდა ქართ. და ინგლ. ენებზე. | ||
| 653 | _aსაქართველოს ტურიზმის ეკონომიკა -- კონფერენციები | ||
| 653 | _aბიზნესი საქართველოში -- კონფერენციები | ||
| 710 |
_eბათუმის შოთა რუსთაველის სახელმწ. უნ-ტი. ტურიზმის ფაკ-ტი. აჭარის არ ტურიზმისა და კურორტების დეპარტამენტი _91536 |
||
| 942 |
_2udc _cBK |
||